The pathology of development : a study of inherited skeletal disorders in animals /

Bibliographic Details
Main Author: Grüneberg, H. (Hans)
Format: Book
Language:English
Published: New York : Wiley, 1963.
Subjects:

MARC

Tag First Indicator Second Indicator Subfields
LEADER 00000cam a22000001a 4500
001 in00004471968
005 20191202143055.0
008 770106s1963 nyuaf b 00110 eng
010 |a  64001218  
035 |a (OCoLC)03332871 
035 |9 AAD8562MS 
035 |z (UtOrBLW)11722 
035 |a 21564 
040 |a DLC  |c CMC  |d TMV  |d UtOrBLW 
049 |a TMVM  |c 1 [420080] 
050 0 0 |a QL991  |b .G7 
059 |l MS/BOOK STKS  |t BOOK  |k CIRCULATING  |i 323890017450%  |j 420080  |n NL  |a QL 997  |b G891p 1963 
060 4 |a QL 997  |b G891p 1963 
082 0 |a 591.2 
100 1 |a Grüneberg, H.  |q (Hans) 
245 1 4 |a The pathology of development :  |b a study of inherited skeletal disorders in animals /  |c by Hans Grüneberg. 
264 1 |a New York :  |b Wiley,  |c 1963. 
300 |a xiv, 309 pages, 8 unnumbered leaves of plates :  |b illustrations ;  |c 25 cm. 
336 |a text  |2 rdacontent  |b txt 
337 |a unmediated  |2 rdamedia 
338 |a volume  |2 rdacarrier  |b nc 
500 |a Includes indexes. 
504 |a Bibliography: pages [280]-297. 
650 2 |a Congenital Abnormalities  |x veterinary. 
650 2 |a Bone and Bones  |x abnormalities. 
940 |a copy plain, 420080 
999 |a MARS 
999 f f |s 4a5cb7d5-50ce-3a18-84a0-d1281c0c3739  |i ec810023-fc04-37cd-9b1f-cc4a05489291  |t 0 
952 f f |p ric  |a Texas A&M University  |b Rellis Campus  |c Joint Library Facility  |d Remote Storage  |t 0  |e QL 997 G891p 1963  |h National Library of Medicine classification  |i unmediated -- volume  |m 323890017450% 
998 f f |a QL 997 G891p 1963  |t 0  |l Remote Storage